| 000 | 00992cam a2200157ua 4500 | ||
|---|---|---|---|
| 041 |
_aeng _h |
||
| 082 |
_a620.1 _bBUR/ME |
||
| 100 | _aBureau of Indian standards, . | ||
| 110 | 1 |
_aBureau of Indian standards . _bBIS _c() |
|
| 245 | 0 | 0 |
_aMethods of test for aggregates for concrete part-1 particle size and shape IS: 2386-1963 / _cBureau of Indian standards. _hTextual Documents |
| 260 |
_a : _bBureau of Indian standards , _c1989. |
||
| 300 | _a19 ; . | ||
| 504 | _a | ||
| 942 | _cBK | ||
| 999 |
_c9952 _d9952 |
||